000 01125cam a22003257a 4500
003 CHAP
005 20220329142419.0
008 001213d1999 nyua r 00110 ing d
010 _a83126
011 _a84098
020 _a1560220627
035 _a94617
040 _cCHAP
082 0 4 _a632.58
_bB84
100 0 0 _aBuhler, Douglas D.
_bed.
_916003
245 1 0 _aExpanding the context of weed management
_c/ed. by Douglas D. Buhler
260 _aBinghamton, N.Y. :
_bFood Products Press,
_c1999.
300 _a289p. :
_bilus.; gráfs.; tablas.
490 0 _aAgriculture/Horticulture ;
_6Crop Science
500 _aCo-published simultaneously as Journal of crop production, volume 2, number 1 (#3) 1999.
590 _aBATCH-UPD
_b10
_c20130110
_lUCH01
_h0345
590 _aBATCH-UPD
_b10
_c20130110
_lUCH01
_h2342
590 _aCONVERSION
_b10
_c20130109
_lUCH01
_h1346
650 1 4 _aMalas hierbas
_xControl.
_970011
830 0 0 _aAgriculture/Horticulture ;
_6Crop Science
_92135
901 _aBK
905 _aEdna Luz
942 _cLIBRO
949 _a632.58 B84
_bBC
_cLIBRO
_d33724000808069
_eLIBRO
_h99255
_i94617
_si
_t$767.52
999 _c83126
_d83126